000 00565nam a2200181 4500
001 119659
003 ES-MaACL
005 20250909230400.0
007 t|
008 070214s1967 sp r ||||1| spa d
100 1 _aPérez de Olaguer, Antonio.
_990798
245 1 0 _aMi padre, un hombre de bien /
_cAntonio Pérez de Olaguer ; prólogo de Bartolomé Soler.
260 _aBarcelona :
_bLa Familia,
_c1967.
300 _a286 p. ;
_c18 cm.
700 1 _aSoler, Bartolomé,
_d1894-1975
_9107138
852 _aES-MaACL
_jC-32859
_bR.63086
999 _c119659
_d119659